| 000 | 01127cam a2200253 4500 | ||
|---|---|---|---|
| 001 | J125635 | ||
| 008 | 040329n2003 000 0 eng u | ||
| 035 | _a(Sirsi) u125635 | ||
| 041 | _aeng | ||
| 050 |
_a631.5233 _c21 |
||
| 110 |
_aRoyal Institution of Chartered Surveyors _bPolicy Unit _94169 |
||
| 245 | _aSetting up a genetically modified organism land register | ||
| 260 |
_aLondon _bRICS _c2003 |
||
| 300 |
_a7p. _c22 x 30cm. |
||
| 520 | _aIn this paper RICS presents a proposal for a web-based genetically modified organism (GMO) land register to record all commercially released GM crops on a defined field-by-field basis. The register aims to be simple, cost efficient and fulfil the requirements of EU Directive 2001/18/EC. | ||
| 650 | _aLAND REGISTER | ||
| 650 | _aGENETICALLY MODIFIED CROPS | ||
| 650 | _aGENETICALLY MODIFIED ORGANISMS | ||
| 650 | _aFARMING | ||
| 690 | _aRURAL-AGRICULTURE AND FORESTRY | ||
| 710 |
_aRoyal Institution of Chartered Surveyors _94900 |
||
| 856 |
_uhttps://www.rics.org/site/scripts/download_info.aspx?downloadID=2630 _zView the paper on the RICS website... |
||
| 942 | _n0 | ||
| 999 |
_c103447 _d103447 |
||